[Event "Challenge"]
[Site "http://www.queenalice.com/game.php?id=524210"]
[Date "2009.1.17"]
[Round "-"]
[White "SRIVERO"]
[Black "Marllus"]
[Result "1-0"]
[WhiteElo "1729"]
[BlackElo "1469"]

1. d4 Nf6 2. Bg5 e6 3. Nf3 h6 4. Bd2 d5 5. e3 Nc6 6. Bb5 Bd7 7. O-O Bd6 8. c4
O-O 9. Nc3 a6 10. Bxc6 Bxc6 11. cxd5 exd5 12. Re1 Re8 13. Qc2 b5 14. a3 Bb7 15.
b4 c6 16. Re2 Bc8 17. e4 Bg4 18. e5 Bxf3 19. gxf3 Bc7 20. Bf4 Nd7 21. Kh1 a5 22.
Rg1 Qh4 23. Rg4 Qh3 24. Rg3 Qh5 25. Re1 axb4 26. axb4 Bb6 27. Reg1 Kf8 28. Qd3
Ra2 29. Nd1 Nxe5 30. Bxe5 f6 31. Rxg7 fxe5 32. Rg8+ Ke7 33. Qh7+ Kd6 34. R1g6+
Re6 35. Rxe6+ Kxe6 36. Rg6+ Qxg6 37. Qxg6+ Kd7 38. Qxh6 Bxd4 39. Kg2 Ra1 40. Ne3
Ra2 41. Qg7+ Ke6 42. Qg6+ Kd7 43. Qf7+ Kd8 44. Nf5 Rxf2+ 45. Kg3 Rd2 46. Qe7+
Kc8 47. Nd6+ 1-0

[Event "Challenge"]
[Site "http://www.queenalice.com/game.php?id=526255"]
[Date "2009.1.20"]
[Round "-"]
[White "Marllus"]
[Black "SRIVERO"]
[Result "1-0"]
[WhiteElo "1480"]
[BlackElo "1735"]

1. e4 c5 2. Nf3 Nc6 3. d4 cxd4 4. Nxd4 d6 5. Bb5 Bd7 6. Nc3 a6 7. Ba4 b5 8.
Ncxb5 axb5 9. Bxb5 Qa5+ 10. Bd2 Nb4 11. Bxd7+ Kxd7 12. Bxb4 Qxb4+ 13. c3 Qxb2
14. O-O Nf6 15. a4 Nxe4 16. Qf3 Nxc3 17. Qxa8 Ne2+ 18. Nxe2 Qxe2 19. Qb7+ Kd8
20. a5 1-0

[Event "Let's Play Chess!"]
[Site "http://www.queenalice.com/game.php?id=527325"]
[Date "2009.1.22"]
[Round "-"]
[White "basti822"]
[Black "SRIVERO"]
[Result "1/2-1/2"]
[WhiteElo "1636"]
[BlackElo "1719"]

1. e4 c5 2. d4 cxd4 3. Qxd4 Qa5+ 4. Bd2 Nc6 5. Qxd7+ Bxd7 6. Bxa5 Nxa5 7. Nc3
Nf6 8. e5 Ng4 9. Nd5 Rc8 10. c3 Bc6 11. Nb4 Nc4 12. Nf3 Bxf3 13. gxf3 Ngxe5 14.
Be2 Nxb2 15. Bb5+ Nd7 16. Rb1 Rc5 17. Bxd7+ Kxd7 18. Rxb2 Rxc3 19. O-O e6 20.
Rd1+ Kc7 21. Nd3 Ba3 22. Rb3 Rxb3 23. axb3 Rd8 24. Rd2 b6 25. Kf1 f6 26. Ke2 e5
27. b4 Kc6 28. Ra2 Bxb4 29. Nxb4+ Kb5 30. Nd3 a5 31. f4 exf4 32. Nxf4 Re8+ 33.
Kf3 Re5 34. Rb2+ Ka6 35. Rd2 Rf5 36. Ke4 Rg5 37. f3 Re5+ 38. Kd4 g5 39. Nh5 Rf5
40. Ke4 Rb5 41. Nxf6 a4 42. Nxh7 Rb4+ 43. Kd5 a3 44. Ra2 Rb3 45. Nxg5 b5 46. f4
b4 47. Ne4 Rb2 48. Nc5+ Kb5 49. Ra1 a2 50. Nd3 Rxh2 51. Nc1 Rh1 52. Kd4 b3 53.
Nxb3 Rxa1 54. Nxa1 Kb4 55. Kd3 Ka3 56. Kc2 Kb4 57. f5 Kc5 58. f6 Kd6 59. Kb2 Ke6
60. Kxa2 Kxf6 61. Nb3 1/2-1/2

[Event "Let's Play Chess!"]
[Site "http://www.queenalice.com/game.php?id=527393"]
[Date "2009.1.22"]
[Round "-"]
[White "SRIVERO"]
[Black "Attia"]
[Result "1-0"]
[WhiteElo "1748"]
[BlackElo "1618"]

1. d4 d5 2. c4 dxc4 3. Nc3 e6 4. e3 c6 5. Bxc4 Bb4 6. Bd2 b5 7. Bd3 Nf6 8. Nf3
O-O 9. O-O a5 10. a3 Bd6 11. Qc2 Nbd7 12. Ng5 g6 13. Nce4 Nxe4 14. Nxe4 Qh4 15.
Nxd6 Nf6 16. Qxc6 Ng4 17. h3 e5 18. Qxa8 Be6 19. Qf3 Nf6 20. Qxf6 1-0

[Event "Challenge"]
[Site "http://www.queenalice.com/game.php?id=527425"]
[Date "2009.1.23"]
[Round "-"]
[White "vitte10"]
[Black "SRIVERO"]
[Result "1-0"]
[WhiteElo "1584"]
[BlackElo "1710"]

1. e4 c5 2. Nf3 Nc6 3. Bb5 Qc7 4. Nc3 a6 5. Bxc6 Qxc6 6. d4 cxd4 7. Nxd4 Qg6 8.
O-O d6 9. Qd3 e5 10. Nf5 Be7 11. Nd5 Bd8 12. f4 Nf6 13. Nxf6+ Qxf6 14. fxe5 dxe5
15. Nd6+ Kf8 16. Rxf6 Bxf6 17. Be3 Be6 18. Bc5 Be7 19. Nxb7 Bxc5+ 20. Nxc5 Ke7
21. Nxe6 Kxe6 22. Qd5+ Ke7 23. Qxe5+ 1-0

[Event "Challenge"]
[Site "http://www.queenalice.com/game.php?id=530617"]
[Date "2009.1.28"]
[Round "-"]
[White "Gansothedark"]
[Black "SRIVERO"]
[Result "0-1"]
[WhiteElo "1534"]
[BlackElo "1727"]

1. e4 c5 2. d3 d6 3. Nd2 Nf6 4. Ngf3 g6 5. b3 Bg7 6. Bb2 Bg4 7. Be2 O-O 8. O-O
Nbd7 9. Nc4 a6 10. Ng5 Bxe2 11. Qxe2 d5 12. Ne5 d4 13. c3 Nxe5 14. cxd4 cxd4 15.
f4 Nc6 16. Qf2 e6 17. Qh4 h6 18. Nf3 Nh7 19. f5 Qxh4 20. Nxh4 exf5 21. exf5 Nb4
22. fxg6 fxg6 23. Nxg6 Rxf1+ 24. Rxf1 Nxd3 25. Ne7+ Kh8 26. Rf4 Nxf4 0-1

[Event "Challenge"]
[Site "http://www.queenalice.com/game.php?id=530619"]
[Date "2009.1.28"]
[Round "-"]
[White "SRIVERO"]
[Black "Gansothedark"]
[Result "1-0"]
[WhiteElo "1718"]
[BlackElo "1543"]

1. d4 d5 2. c4 e6 3. Nf3 Nc6 4. e3 Nf6 5. Bd3 Bb4+ 6. Bd2 O-O 7. a3 Bxd2+ 8.
Nbxd2 Qe7 9. O-O e5 10. dxe5 Nxe5 11. Qc2 h6 12. e4 dxe4 13. Bxe4 Rb8 14. Rfe1
Nxf3+ 15. Nxf3 Bg4 16. Bh7+ Nxh7 17. Rxe7 Bxf3 18. gxf3 Ng5 19. Qf5 g6 20. Qg4
c6 21. Rd1 b5 22. b4 f6 23. Rdd7 1-0

[Event "Challenge"]
[Site "http://www.queenalice.com/game.php?id=531016"]
[Date "2009.1.28"]
[Round "-"]
[White "SRIVERO"]
[Black "yuri2090"]
[Result "1-0"]
[WhiteElo "1716"]
[BlackElo "1100"]

1. d4 a5 2. e4 a4 3. c4 Ra6 4. c5 c6 5. Bxa6 bxa6 6. Qxa4 Bb7 7. Nf3 e6 8. Bg5
Qc8 9. O-O Nf6 10. Bxf6 gxf6 11. e5 fxe5 12. dxe5 a5 13. Qf4 f5 14. exf6 Rg8 15.
f7+ Kd8 16. fxg8=Q Na6 17. Qgxf8# 1-0

[Event "Challenge"]
[Site "http://www.queenalice.com/game.php?id=531828"]
[Date "2009.1.30"]
[Round "-"]
[White "Balzac55"]
[Black "SRIVERO"]
[Result "1/2-1/2"]
[WhiteElo "1730"]
[BlackElo "1724"]

1. d4 d5 2. Nf3 e6 3. c3 Nf6 4. Bg5 Be7 5. Nbd2 Nbd7 6. e3 a6 7. Bd3 c5 8. b3 b5
9. O-O Qc7 10. Bf4 Qa5 11. Qc2 b4 12. cxb4 Qxb4 13. Rfc1 O-O 14. Bg5 cxd4 15.
Nxd4 Bb7 16. a3 Qd6 17. Qc7 Nc5 18. Qxd6 Bxd6 19. Be2 Nfe4 20. Nxe4 Nxe4 21. Nf3
Nxg5 22. Nxg5 h6 23. Nf3 f5 24. h3 e5 25. b4 Rac8 26. b5 Rxc1+ 27. Rxc1 axb5 28.
Bxb5 Bxa3 29. Rc7 Rb8 30. Rc2 Rc8 31. Rxc8+ Bxc8 32. Nxe5 Kf8 33. Ng6+ 1/2-1/2

[Event "Challenge"]
[Site "http://www.queenalice.com/game.php?id=531829"]
[Date "2009.1.30"]
[Round "-"]
[White "SRIVERO"]
[Black "Balzac55"]
[Result "0-1"]
[WhiteElo "1710"]
[BlackElo "1871"]

1. d4 d5 2. c4 e6 3. Nc3 c6 4. Nf3 Nf6 5. e3 Nbd7 6. Qc2 Be7 7. Bd2 Qc7 8. Bd3
dxc4 9. Bxc4 b5 10. Bd3 Bb7 11. a3 Rc8 12. b4 a6 13. O-O h6 14. e4 Nf8 15. Ne5
Bd6 16. f4 Bxe5 17. fxe5 N6d7 18. Bf4 Ng6 19. Qf2 Nxf4 20. Qxf4 Nf8 21. a4 Ng6
22. Qf3 O-O 23. axb5 cxb5 24. Rfc1 Qb6 25. Kf1 Qxd4 26. Ne2 Qxe5 27. Rxc8 Qxa1+
28. Rc1 Qe5 29. Ng3 Qf4 30. Qxf4 Nxf4 31. Bb1 Rc8 32. Rxc8+ Bxc8 33. Kf2 e5 34.
Nf5 Bxf5 35. exf5 Nd5 36. g4 Nxb4 37. Ke3 Kf8 38. Ke4 f6 39. h4 Ke7 40. g5 hxg5
41. hxg5 Kd6 42. gxf6 gxf6 43. Ke3 a5 44. Be4 a4 45. Kd2 Na6 46. Bc2 Kc5 47. Kd3
Nb4+ 48. Kc3 Nxc2 49. Kxc2 Kc4 50. Kb2 e4 0-1